С чего начинал Марк Цугерберг; Информационные технологии в науке, управлении, социальной сфере и медицине; Ч. 1
| Parent link: | Информационные технологии в науке, управлении, социальной сфере и медицине: сборник научных трудов III Международной научной конференции, 23-26 мая 2016 г., Томск.— , 2016 Ч. 1.— 2016.— [С. 372-374] |
|---|---|
| Main Author: | |
| Corporate Author: | |
| Other Authors: | |
| Summary: | Заглавие с титульного экрана In this paper the author's technique of immersion high school students in active exploration of the development of information tools web services. This technique is aimed at developing the technical, creative and communicative abilities of high school students in the design and implementation of various componentsof the content management of the website. |
| Language: | Russian |
| Published: |
2016
|
| Series: | Информационные технологии в образовании. Электронное обучение |
| Subjects: | |
| Online Access: | http://earchive.tpu.ru/handle/11683/31601 |
| Format: | MixedMaterials Electronic Book Chapter |
| KOHA link: | https://koha.lib.tpu.ru/cgi-bin/koha/opac-detail.pl?biblionumber=619381 |
MARC
| LEADER | 00000naa2a2200000 4500 | ||
|---|---|---|---|
| 001 | 619381 | ||
| 005 | 20231101133046.0 | ||
| 035 | |a (RuTPU)RU\TPU\conf\17798 | ||
| 035 | |a RU\TPU\conf\17795 | ||
| 090 | |a 619381 | ||
| 100 | |a 20160819d2016 k y0rusy50 ca | ||
| 101 | 0 | |a rus | |
| 102 | |a RU | ||
| 105 | |a y z 101zy | ||
| 135 | |a drgn ---uucaa | ||
| 181 | 0 | |a i | |
| 182 | 0 | |a b | |
| 200 | 1 | |a С чего начинал Марк Цугерберг |d Getting started Mark Zuckerberg |f С. Е. Литневский, А. Скопченко | |
| 203 | |a Текст |c электронный | ||
| 225 | 1 | |a Информационные технологии в образовании. Электронное обучение | |
| 230 | |a 1 компьютерный файл (pdf; 401 Kb) | ||
| 300 | |a Заглавие с титульного экрана | ||
| 320 | |a [Библиогр.: с. 374 (6 назв.)] | ||
| 330 | |a In this paper the author's technique of immersion high school students in active exploration of the development of information tools web services. This technique is aimed at developing the technical, creative and communicative abilities of high school students in the design and implementation of various componentsof the content management of the website. | ||
| 461 | 1 | |0 (RuTPU)RU\TPU\conf\17281 |t Информационные технологии в науке, управлении, социальной сфере и медицине |o сборник научных трудов III Международной научной конференции, 23-26 мая 2016 г., Томск |o в 2 ч. |d 2016 | |
| 463 | 1 | |0 (RuTPU)RU\TPU\conf\17283 |t Ч. 1 |f Национальный исследовательский Томский политехнический университет (ТПУ) ; ред. кол. О. Г. Берестнева ; О. М. Гергет ; Т. А. Гладкова |v [С. 372-374] |d 2016 | |
| 510 | 1 | |a Getting started Mark Zuckerberg |z eng | |
| 610 | 1 | |a труды учёных ТПУ | |
| 610 | 1 | |a электронные ресурсы | |
| 610 | 1 | |a Интернет | |
| 610 | 1 | |a сервисы | |
| 610 | 1 | |a веб-ресурсы | |
| 610 | 1 | |a ТПУ | |
| 610 | 1 | |a школьное образование | |
| 700 | 1 | |a Литневский |b С. Е. | |
| 701 | 1 | |a Скопченко |b А. |c специалист в области информатики и вычислительной техники |c программист Томского политехнического университета |g Антон |2 stltpush |3 (RuTPU)RU\TPU\pers\37089 | |
| 712 | 0 | 2 | |a Национальный исследовательский Томский политехнический университет (ТПУ) |b Институт кибернетики (ИК) |b Отдел информационно-технического обеспечения (ОИТО) |h 7253 |2 stltpush |3 (RuTPU)RU\TPU\col\20617 |
| 801 | 2 | |a RU |b 63413507 |c 20160912 |g RCR | |
| 856 | 4 | |u http://earchive.tpu.ru/handle/11683/31601 | |
| 942 | |c BK | ||